Issue Mapping for an Ageing Europe / (Record no. 71989)

MARC details
000 -LEADER
fixed length control field 03126nam a22004575i 4500
005 - DATE AND TIME OF LATEST TRANSACTION
control field 20230718140457.0
006 - FIXED-LENGTH DATA ELEMENTS--ADDITIONAL MATERIAL CHARACTERISTICS
fixed length control field m|||||o||d||||||||
007 - PHYSICAL DESCRIPTION FIXED FIELD--GENERAL INFORMATION
fixed length control field cr || ||||||||
008 - FIXED-LENGTH DATA ELEMENTS--GENERAL INFORMATION
fixed length control field 221201t20152015ne fo d z eng d
020 ## - INTERNATIONAL STANDARD BOOK NUMBER
International Standard Book Number 9789048524457
040 ## - CATALOGING SOURCE
Original cataloging agency DE-B1597
Language of cataloging eng
Transcribing agency DE-B1597
Description conventions rda
041 0# - LANGUAGE CODE
Language code of text/sound track or separate title eng
082 04 - DEWEY DECIMAL CLASSIFICATION NUMBER
Classification number 300
100 1# - MAIN ENTRY--PERSONAL NAME
Personal name Rogers, Richard,
Relator term author.
Relator code aut
-- http://id.loc.gov/vocabulary/relators/aut
245 10 - TITLE STATEMENT
Title Issue Mapping for an Ageing Europe /
Statement of responsibility, etc. Natalia Sánchez-Querubín, Aleksandra Kil, Richard Rogers.
264 #1 - PRODUCTION, PUBLICATION, DISTRIBUTION, MANUFACTURE, AND COPYRIGHT NOTICE
Place of production, publication, distribution, manufacture Amsterdam :
Name of producer, publisher, distributor, manufacturer Amsterdam University Press,
Date of production, publication, distribution, manufacture, or copyright notice [2015]
264 #4 - PRODUCTION, PUBLICATION, DISTRIBUTION, MANUFACTURE, AND COPYRIGHT NOTICE
Date of production, publication, distribution, manufacture, or copyright notice ©2015
300 ## - PHYSICAL DESCRIPTION
Extent 1 online resource (148 p.) :
Other physical details 32 color plates, 16 halftones
336 ## - CONTENT TYPE
Content type term text
Content type code txt
Source rdacontent
337 ## - MEDIA TYPE
Media type term computer
Media type code c
Source rdamedia
338 ## - CARRIER TYPE
Carrier type term online resource
Carrier type code cr
Source rdacarrier
347 ## - DIGITAL FILE CHARACTERISTICS
File type text file
Encoding format PDF
Source rda
505 00 - FORMATTED CONTENTS NOTE
Title Frontmatter --
-- Contents --
-- Acknowledgements --
-- 1. Introduction: Issue mapping, ageing, and digital methods --
-- 2. A social cartography of ageing --
-- 3. A risk cartography of ageing --
-- 4. A critical cartography of ageing --
-- 5. Conclusion: Mapping for an ageing Europe --
-- Glossary of tools used --
-- References --
-- Notes --
-- Index
506 0# - RESTRICTIONS ON ACCESS NOTE
Standardized terminology for access restriction unrestricted online access
Source of term star
520 ## - SUMMARY, ETC.
Summary, etc. In Europe, the old will soon outnumber the young-an event that will threaten the stability of both pension and healthcare systems while also changing the migration patterns of those who need and provide care. This volume uses new media technologies to map this urgent issue. The latest theoretical approaches to issue mapping are put into practice via online mapping techniques, demonstrations of ways to explore the complex issue of demographics, and discussion of the debates surrounding available online data. By employing websites of non-governmental organizations, search engine queries identifying cultural philosophies about ageing, and more, the contributors to this volume have defined the agenda for ageing issues throughout Europe.
538 ## - SYSTEM DETAILS NOTE
System details note Mode of access: Internet via World Wide Web.
540 ## - TERMS GOVERNING USE AND REPRODUCTION NOTE
Terms governing use and reproduction This eBook is made available Open Access under a CC BY-NC 4.0 license:
Uniform Resource Identifier <a href="https://creativecommons.org/licenses/by-nc/4.0https://www.aup.nl/en/publish/open-access">https://creativecommons.org/licenses/by-nc/4.0https://www.aup.nl/en/publish/open-access</a>
546 ## - LANGUAGE NOTE
Language note In English.
588 0# - SOURCE OF DESCRIPTION NOTE
Source of description note Description based on online resource; title from PDF title page (publisher's Web site, viewed 01. Dez 2022)
650 #0 - SUBJECT ADDED ENTRY--TOPICAL TERM
Topical term or geographic name entry element Digital mapping.
650 #0 - SUBJECT ADDED ENTRY--TOPICAL TERM
Topical term or geographic name entry element Population aging
Geographic subdivision Europe.
650 #4 - SUBJECT ADDED ENTRY--TOPICAL TERM
Topical term or geographic name entry element Politics and Government.
650 #4 - SUBJECT ADDED ENTRY--TOPICAL TERM
Topical term or geographic name entry element Social and Political Sciences.
650 #7 - SUBJECT ADDED ENTRY--TOPICAL TERM
Topical term or geographic name entry element SOCIAL SCIENCE / General.
Source of heading or term bisacsh
700 1# - ADDED ENTRY--PERSONAL NAME
Personal name Kil, Aleksandra,
Relator term author.
Relator code aut
-- http://id.loc.gov/vocabulary/relators/aut
700 1# - ADDED ENTRY--PERSONAL NAME
Personal name Sánchez-Querubín, Natalia,
Relator term author.
Relator code aut
-- http://id.loc.gov/vocabulary/relators/aut
856 40 - ELECTRONIC LOCATION AND ACCESS
Uniform Resource Identifier <a href="https://doi.org/10.1515/9789048524457">https://doi.org/10.1515/9789048524457</a>
Public note Open Access
-- 0
856 40 - ELECTRONIC LOCATION AND ACCESS
Uniform Resource Identifier <a href="https://www.degruyter.com/isbn/9789048524457">https://www.degruyter.com/isbn/9789048524457</a>
Public note Open Access
-- 0
856 42 - ELECTRONIC LOCATION AND ACCESS
Materials specified Cover
Uniform Resource Identifier <a href="https://www.degruyter.com/document/cover/isbn/9789048524457/original">https://www.degruyter.com/document/cover/isbn/9789048524457/original</a>
942 ## - ADDED ENTRY ELEMENTS (KOHA)
Koha item type E-Book
Holdings
Withdrawn status Damaged status Not for loan Home library Current library Date acquired Total Checkouts Date last seen Price effective from Koha item type
      De Gruyter De Gruyter 12/29/2022   12/29/2022 12/29/2022 E-Book

University of Rizal System
Email us at univlibservices@urs.edu.ph

Visit our Website www.urs.edu.ph/library